000 00460nam a2200181 a 4500
001 26975
005 20180713225614.0
008 140415s1988 mx 000 0 spa d
020 _a9684224176
041 _aspa
082 _a658.4095
_bDICH
100 1 _aDICHTER, ERNEST
245 1 0 _aES USTED UN BUEN GERENTE?
250 _a1a ed.
260 _aMEXICO :
_bMC GRAW HILL,
_c1988
300 _a169
_c7 x 2 x 14
650 1 4 _aADMINISTRACION
999 _c26975
_d26975